| 000 | 00456 a2200157 4500 | ||
|---|---|---|---|
| 005 | 20250319101812.0 | ||
| 020 | _a0-07-009275-3 | ||
| 082 | _a510 BUS | ||
| 100 | _aBUSH, G. A. | ||
| 245 | _aFoundations of Mathematics: With Application to the Social and Management Sciences | ||
| 250 | _a2nd Ed. | ||
| 260 |
_aNew York, _bMcGraw-Hill, _c1968. |
||
| 300 |
_axiv, 536p.: ill,; figure, graph, table _bIndex. _c24cm. |
||
| 700 | _aYOUNG, J. E. | ||
| 942 |
_2ddc _cBKS |
||
| 999 |
_c942 _d942 |
||